| 000 | 00736nam a2200289Ia 4500 | ||
|---|---|---|---|
| 008 | 181129s9999 xx 000 0 und d | ||
| 020 | _a9780241301913 | ||
| 050 | _a290 | ||
| 050 | _bW687 2018 | ||
| 100 | _aWilkinson, Philip. | ||
| 245 | 4 | _aThe mythology book / | |
| 245 | 0 | _cby Philip Wilkinson. | |
| 260 | _aLondon, England : | ||
| 260 | _bDorling Kindersley Limited, | ||
| 260 | _c2018 | ||
| 300 | _a351 pages : | ||
| 300 | _bcolor illustrations ; | ||
| 300 | _c24cm. | ||
| 440 | _aBig ideas simply explained. | ||
| 650 | _aAmericas. | ||
| 650 | _aAncient Egypt and Africa. | ||
| 650 | _aAncient Greece. | ||
| 650 | _aAncient Rome. | ||
| 650 | _aNorthern Europe. | ||
| 700 | _aSeries. | ||
| 700 | _aTitle. | ||
| 999 |
_c360165 _d360165 |
||